Central Library OPAC University of Rajshahi

The use of groups in social work practice / (Record no. 5884)

MARC details
000 -LEADER
fixed length control field 00740cam a2200253 i 4500
001 - CONTROL NUMBER
control field 5884
003 - CONTROL NUMBER IDENTIFIER
rucl marc code BD-RjUL
005 - DATE AND TIME OF LATEST TRANSACTION
control field 20211208234139.0
008 - FIXED-LENGTH DATA ELEMENTS--GENERAL INFORMATION
fixed length control field 140107s1975 enk b 000 0 eng
020 ## - INTERNATIONAL STANDARD BOOK NUMBER
International Standard Book Number 0710080859 :
-- 0710080867
035 ## - SYSTEM CONTROL NUMBER
System control number (BD-RjUL)5923
040 ## - CATALOGING SOURCE
Original cataloging agency DLC
Transcribing agency DLC
Modifying agency DLC
-- BD-RjUL
Language of cataloging eng
041 ## - LANGUAGE CODE
Language code of text/sound track or separate title eng
082 00 - DEWEY DECIMAL CLASSIFICATION NUMBER
Classification number 361.40941
Author mark and year DAU 1975
Edition number 23
100 1# - MAIN ENTRY--PERSONAL NAME
Personal name Davies, Bernard
9 (RLIN) 18490
245 14 - TITLE STATEMENT
Title The use of groups in social work practice /
Statement of responsibility, etc. Bernard Davies
260 ## - PUBLICATION, DISTRIBUTION, ETC. (IMPRINT)
Place of publication, distribution, etc. London ;
-- Boston :
Name of publisher, distributor, etc. Routledge and Kegan Paul,
Date of publication, distribution, etc. c1975.
300 ## - PHYSICAL DESCRIPTION
Pagination x, 147 p. ;
Size 22 cm.
490 0# - SERIES STATEMENT
Series statement Library of social work
504 ## - BIBLIOGRAPHY, ETC. NOTE
Bibliography, etc Bibliography: p. 145-147.
650 #0 - SUBJECT ADDED ENTRY--TOPICAL TERM
Topical term or geographic name as entry element Social group work.
9 (RLIN) 16781
942 ## - ADDED ENTRY ELEMENTS (KOHA)
Source of classification or shelving scheme Dewey Decimal Classification
Koha item type Books
Holdings
Lost status Source of classification or shelving scheme Damaged status Not for loan Collection code Permanent Location Current Location Shelving location Date acquired Source of acquisition Cost, normal purchase price Total Checkouts Full call number Date last seen Copy number Koha item type
  Dewey Decimal Classification     Non-fiction Central Library, University of Rajshahi Central Library, University of Rajshahi   30/10/1978 Helfers 1.95   361.40941 DAU 1975 08/01/2014 C-3 Books
  Dewey Decimal Classification     Non-fiction Central Library, University of Rajshahi Central Library, University of Rajshahi   05/01/1981 Heffers 1.95   361.40941 DAU 1975 22/08/2016 C-2 Books
  Dewey Decimal Classification     Non-fiction Central Library, University of Rajshahi Central Library, University of Rajshahi   05/01/1981 Heffor 1.95   361.40941 DAU 1975 23/08/2016 C-4 Books
  Dewey Decimal Classification     Non-fiction Central Library, University of Rajshahi Central Library, University of Rajshahi   05/01/1981 Heffer 1.95   361.40941 DAU 1975 24/08/2016 C-5 Books
  Dewey Decimal Classification     Non-fiction Central Library, University of Rajshahi Central Library, University of Rajshahi   30/10/1978 Heffer, London 1.95   361.40941 DAU 1975 24/08/2016 C-6 Books
  Dewey Decimal Classification   Not For Loan Non-fiction Central Library, University of Rajshahi Central Library, University of Rajshahi Reading Room 30/10/1978 Heffer 1.95   361.40941 DAU 1975 17/01/2017 C-1 Books